| 000 | 00664nam a2200205 i 4500 | ||
|---|---|---|---|
| 001 | 54584 | ||
| 003 | ES-MaACL | ||
| 005 | 20250825063328.0 | ||
| 007 | t| | ||
| 008 | 960723s1889 fr ||||1| fre d | ||
| 040 |
_aCAM _bspa _cCAM |
||
| 100 | 1 |
_aFrezals, Jorge de _952579 |
|
| 245 | 1 | 0 |
_aCourses au taureau et principes de tauromachie / _cpar G. de Frézals. |
| 260 |
_aParis : _bBureaux de la Revue Britannique, _c1889 ( _fTypographie a. Hennuyer) |
||
| 300 |
_a44 p. ; _c24 cm. |
||
| 650 | 4 |
_aCorridas de toros. _911370 |
|
| 650 | 0 | 4 |
_aTauromaquia. _917288 |
| 852 |
_aES-MaACL _jT-518-F-3 _z.- Ded. manuscrita del autor |
||
| 999 |
_c54584 _d54584 |
||